White nights, red dawn /

Saved in:
Bibliographic Details
Main Author: Nolan, Frederick W., 1931-
Format: Book
Language:English
Published: London : Arrow Books, 1982.
Edition:Arrow ed.
LEADER 01012cam a2200277 a 4500
001 c000263813
003 CARM
005 20070702103438.0
008 821121s1982 enk 000 1 eng d
015 |a B8233315 
019 1 |a 2350730  |5 LACONCORD2021 
020 |a 0099281309 (pbk.) :  |c £1.95 
035 |a (OCoLC)16590389  |5 LACONCORD2021 
040 |a BNB  |b eng  |c BNB  |d SSLP  |d VCAV 
082 0 4 |a 813.54  |2 22 
082 0 4 |a 823.91  |2 18 
100 1 |a Nolan, Frederick W.,  |d 1931- 
245 1 0 |a White nights, red dawn /  |c Frederick Nolan. 
250 |a Arrow ed. 
260 |a London :  |b Arrow Books,  |c 1982. 
300 |a 471 p. ;  |c 18 cm. 
500 |a Fiction in English. American writers,. 1945- - Texts (BNB/PRECIS) 
500 |a Originally published: New York : Macmillan, 1980. 
852 8 |b CARM  |h A1:AN09A0  |i A04289  |p 0345378  |f BK 
999 f f |i 7a4e1350-2b09-5551-821c-9f6b89486759  |s 54fd13f7-0b11-5240-bce3-dab4634a8e0a 
952 f f |p Can circulate  |a CAVAL  |b CAVAL  |c CAVAL  |d CARM 1 Store  |e A04289  |f A1:AN09A0  |h Other scheme  |i book  |m 0345378